000 00321nam a2200145Ia 4500
100 _aKandpal/Prakash chand
650 _aEnvironment
942 _cBK
366 _f25
245 _aEnvironmental governance in India:Issues and challenges
260 _bsage
_c2018
082 _bKAN
546 _aENGLISH
999 _c23008
_d23008